Detalles MARC
| 000 -ENCABEZADO |
| Número de control [NR] |
02331nam a22002777a 4500 |
| 005 - FECHA Y HORA DE LA ÚLTIMA TRANSACCIÓN |
| control field |
20240122133514.0 |
| 008 - DE LONGITUD FIJA DE DATOS DE ELEMENTOS - INFORMACIÓN GENERAL |
| Elementos de longitud fija [NR] |
130419s1841||||fr |||fr|||||001|0bmul|d |
| 040 ## - FUENTE DE CATALOGACION [NR] |
| Quien Cataloga |
Sandra Yazo (modificó) |
| Quien Clasifica |
Sandra Yazo (modificó) |
| Idioma de catalogación [NR] |
spa |
| 041 0# - CODIGO DE IDIOMA [R] |
| Código de idioma para texto/pista de sonido o título separado [R] |
Francés |
| -- |
Latín |
| -- |
Italiano |
| 082 04 - NUMERO DE CLASIFICACION DECIMAL DEWEY [R] |
| Número de clasificación [R] |
922.2245 |
| Número de la edición [NR] |
20 |
| 092 ## - SIGNATURA TOPOGRAFICA LOCAL |
| Número de clasificación local |
E40N100 |
| 100 1# - ASIENTO PRINCIPAL--NOMBRE PERSONAL [NR] |
| Nombre personal [NR] |
Chavin de Malan, Emile |
| ID Autoridad |
78296 |
| 242 00 - TRADUCCION DEL TITULO POR LA AGENCIA CATALOGADORA [R] |
| Título [NR] |
Historia de San Francisco de Asís |
| Parte restante del título [NR] |
(1182 – 1226) |
| Mención de responsabilidad, etc. [NR] |
por Francisco Emilio Chavin |
| Código de idioma del título traducido [NR] |
spa |
| 245 10 - MENCION DE TITULO [NR] |
| Título [NR] |
Histoire de Saint François d’ Assise |
| Parte restante del título [NR] |
(1182 – 1226) |
| Mención de responsabilidad, etc. [NR] |
par François Émile Chavin |
| 260 ## - PUBLICACION, DISTRIBUCION, ETC. (PIE DE IMPRENTA) [R] |
| Lugar de publicación, distribución, etc. [R] |
París (Francia) |
| Nombre del editor, distribuidor, etc. [R] |
Debécourt ; Imprimerie et Fonderie de E. J. Bailly [Debécourt ; Imprenta y Fundición de E. J. Bailly] |
| Fecha de publicación, distribución, etc. [R] |
1841 |
| 300 ## - DESCRIPCION FISICA [R] |
| Extensión [R] |
xxxii, 352, cxliii páginas |
| Dimensiones [R] |
22 x 14 cm. |
| 500 ## - NOTA GENERAL [R] |
| Nota general [NR] |
Detalles físicos: Encuadernación rígida (holandesa) en cartón duro forrado en papel. Lomo de cuero con adornos en dorado, notoria rotura y desprendimiento. Guardas simulando papel de agua. Anteportada. Hoja de frontispicio, pegada a la anteportada, con una litografía que representa a San Francisco de Asís. Portada sencilla, impresa en una sola tinta con un sello tachado. Texto impreso en una sola columna. Notas de pie de página. Índice. Papel manchado |
| 505 0# - NOTA DE CONTENIDO CON FORMATO PREESTABLECIDO [R] |
| Nota de contenido con formato preestablecido [NR] |
Introducción ; Nacimiento ; Juventud y conversión ; El servicio a los leprosos ; Restauración de San Damián ; Primeros discípulos ; Las Damas Pobres y Santa Clara ; Dolores físicos y espirituales ; Apostolado ; Crecimiento vertiginoso de la Orden ; Viaje a España ; El primer Capítulo General ; El viaje a Oriente ; Los primeros mártires ; Los franciscanos y la Ciencia: Antonio de Padua y Alejandro de Hales ; La Tercera Orden ; El amor a la Naturaleza ; La Regla Franciscana ; Fray Elías ; Expansión ; El Alvernia y los estigmas ; Últimos años ; Sufrimientos y muerte ;Apéndice: Notas y Documentos |
| 506 ## - NOTA DE RESTRICCIONES DE ACCESO [R] |
| Condiciones de acceso [NR] |
Consulta en sala |
| 546 ## - NOTA DE IDIOMA [R] |
| Nota de idioma [NR] |
Texto en francés, latín e italiano |
| 600 1# - ASIENTO SECUNDARIO DE MATERIA - NOMBRE PERSONAL [R] |
| Nombre personal [NR] |
Francisco de Asís |
| Títulos y otras palabras asociadas con el nombre [R] |
Santo |
| Fechas asociadas con el nombre [NR] |
1182-1226 |
| 9 (RLIN) |
1672 |
| Subdivisión general [R] |
Biografía |
| 650 #7 - ASIENTO SECUNDARIO DE MATERIA - TERMINO TEMATICO [R] |
| Término temático o nombre geográfico como elemento de entrada [NR] |
Santos italianos |
| 9 (RLIN) |
8079 |
| Subdivisión general [R] |
Biografías |
| 690 ## - ASUNTO AGREGADO LOCAL DE ENTRADA - TÉRMINO TEMÁTICO (OCLC, RLIN) |
| Acceso temático local |
Biografías |
| 9 (RLIN) |
7343 |
| 856 4# - LOCALIZACION Y ACCESO ELECTRONICOS [R] |
| Identificador Uniforme del Recurso (“URI”) [R] |
<a href="https://books.google.fr/books?id=FsAGAAAAQAAJ&printsec=frontcover&hl=fr&source=gbs_ge_summary_r&cad=0#v=onepage&q&f=false">https://books.google.fr/books?id=FsAGAAAAQAAJ&printsec=frontcover&hl=fr&source=gbs_ge_summary_r&cad=0#v=onepage&q&f=false</a> |
| Nota dirigida al público [R] |
Disponible en línea 10a Ed. 1845 |
| 942 ## - ELEMENTOS DE ENTRADA AGREGADOS (KOHA) |
| Tipo de ítem principal el descrito en 300a |
Libro |
| Edición |
1 |
| Tema principal |
19 |
| Sistema de clasificación |
LOCAL |
| Clasificación |
E40N100 |